000
00294nam a22001337a 4500
008
180924b xxu||||| |||| 00| 0 eng d
020
_a
9780471124962
041
_a
eng
080
_a
510
100
_a
37
101
_a
MAT
245
_a
Principles of Communications
_c
Ziemer
942
_2
udc
_c
BK
999
_c
48410
_d
48410